[Event "GRE-ch U14"]
[Site "Peristeri"]
[Date "2023.07.08"]
[Round "8"]
[White "Tsimpourakis, Dimitrios"]
[Black "Terzakis, Georgios"]
[Result "0-1"]
[WhiteElo "1176"]
[BlackElo "1385"]
[PlyCount "78"]
[EventDate "2023.07.03"]
[EventType "swiss"]
[EventRounds "9"]
[EventCountry "GRE"]
[SourceTitle "EXT 2024"]
[Source "ChessBase"]
[SourceDate "2023.10.10"]
[SourceVersion "1"]
[SourceVersionDate "2023.10.10"]
[SourceQuality "1"]

1. e4 e6 2. d4 d5 3. exd5 exd5 4. Nf3 Bd6 5. Bd3 Ne7 6. 0-0 Nbc6 7. c3 Bg4 8. h3 Bh5 9. Be3 Bg6 10. Re1 0-0 11. Qc2 Qd7 12. Nbd2 Nf5 13. c4 Nxe3 14. Rxe3 Nb4 15. Qb3 Nxd3 16. Ne5 Nxe5 17. dxe5 Bc5 18. Ree1 dxc4 19. Nxc4 Qd3 20. Qb5 Qd4 21. Ne3 Qb4 22. Qd7 Bxe3 23. Rxe3 Qxb2 24. Rd1 Qxa2 25. Qxc7 Qc2 26. Qd7 Qc6 27. Qg4 Rfd8 28. Rde1 Qe6 29. Qb4 b6 30. Rc1 Rac8 31. Rxc8 Rxc8 32. Qd4 a5 33. Rc3 Re8 34. Rc7 f6 35. f4 fxe5 36. Qc3 Bf7 37. Rc6 Qb3 38. Qc1 exf4 39. Qxf4 Qe3+ 0-1